Clic De qui sont ces contes ? - Statistiques

Statistiques générales
  • Ce quiz a été pris 46 fois
  • Le résultat moyen est 13 sur 35
Statistiques - réponses
Hint Réponse % Correct
Hansel et Gretel Frères Grimm
78%
Cendrillon Charles Perrault
65%
La Petite Fille aux allumettes Hans Christian Andersen
65%
La Petite Sirène Hans Christian Andersen
59%
La Barbe bleue Charles Perrault
57%
Peau d'âne Charles Perrault
54%
La Belle au bois dormant Charles Perrault
54%
Le Petit Poucet Charles Perrault
51%
Les Musiciens de Brême Frères Grimm
51%
Ali Baba et les Quarante Voleurs Inconnu
51%
Le Maître chat ou le Chat botté Charles Perrault
49%
Le Petit Chaperon rouge Charles Perrault
49%
Le Joueur de flûte de Hamelin Frères Grimm
46%
Le Vilain Petit Canard Hans Christian Andersen
46%
Aladin ou la Lampe merveilleuse Inconnu
41%
Sinbad le marin Inconnu
38%
Riquet à la houppe Charles Perrault
32%
Blanche-Neige Frères Grimm
32%
La Reine des neiges Hans Christian Andersen
32%
Le Canard et la panthère Marcel Aymé
32%
La Patte du chat Marcel Aymé
32%
Le Vaillant Petit Tailleur Frères Grimm
30%
Raiponce Frères Grimm
30%
La Princesse au petit pois Hans Christian Andersen
30%
Les Habits neufs de l'empereur Hans Christian Andersen
30%
Le Mauvais jars Marcel Aymé
27%
Le Rossignol et l'Empereur de Chine Hans Christian Andersen
24%
La Belle et la Bête Jeanne-Marie Leprince de Beaumont
22%
Les Boîtes de peinture Marcel Aymé
22%
La Buse et le cochon Marcel Aymé
22%
La Petite Poucette Hans Christian Andersen
11%
Les Trois Petits Cochons Inconnu
11%
Jack et le Haricot magique Inconnu
8%
Boucles d'or et les Trois Ours Robert Southey
5%
Tom Pouce Inconnu
0%
Aucun quiz correspondant
Distribution des résultats
% des personnes avec chaque résultat
Percentile par nombre de réponses
Votre historique - résultats
Vous n’avez pas pris ce quiz